[Event "Olavarria op"]
[Site "Olavarria"]
[Date "2019.03.14"]
[Round "2"]
[White "Dietrich, Mateo"]
[Black "Lamique, Agustin"]
[Result "1-0"]
[WhiteElo "1318"]
[BlackElo "1238"]
[PlyCount "107"]
[EventDate "2019.03.11"]
[EventType "swiss"]
[EventRounds "9"]
[EventCountry "ARG"]
[SourceTitle "CBM 190 Extra"]
[Source "ChessBase"]
[SourceDate "2019.07.15"]
[SourceVersion "1"]
[SourceVersionDate "2019.07.15"]
[SourceQuality "1"]

1. e4 c5 2. Nf3 g6 3. d4 Nf6 4. Nc3 d6 5. Be2 Bg7 6. dxc5 0-0 7. cxd6 Qxd6 8. Qxd6 exd6 9. 0-0 Nc6 10. Rd1 Rd8 11. Bf4 Bf8 12. Bg5 Be7 13. Bb5 a6 14. Bxc6 bxc6 15. e5 dxe5 16. Rxd8+ Bxd8 17. Nxe5 Ng4 18. Bxd8 Nxe5 19. Re1 Bd7 20. Rxe5 Rxd8 21. h3 Re8 22. Rxe8+ Bxe8 23. Ne4 Bd7 24. Nf6+ Kf8 25. Nxd7+ Ke7 26. Nb8 c5 27. Nxa6 Kd6 28. Kf1 Kc6 29. Ke2 Kb6 30. Nxc5 Kxc5 31. Kd3 f5 32. a4 h5 33. c3 g5 34. b4+ Kb6 35. a5+ Kb5 36. c4+ Ka6 37. Kd4 g4 38. Ke5 f4 39. Kxf4 gxh3 40. gxh3 Kb7 41. b5 Kc7 42. a6 Kb6 43. c5+ Kc7 44. b6+ Kb8 45. a7+ Ka8 46. c6 h4 47. c7 Kb7 48. c8Q+ Kxb6 49. Qb8+ Kc5 50. Qd8 Kc4 51. a8R Kc3 52. Rc8+ Kb4 53. Qb6+ Ka4 54. Ra8# 1-0